Mesoamerica quiz - Statistics

General Stats
  • This quiz has been taken 37 times
    30 since last reset
  • The average score is 8 of 15
Answer Stats
Question Answer % Correct
Who could yield the largest armies? Aztecs
92%
Who had the largest (confirmed) empire? Aztecs
83%
What was the most populated city? Mexico Tenochtitlan
75%
What was the first advanced civilisation? Olmecs
75%
Who lasted the longest? Maya
67%
What was the most spoken language and lingua franca? Nahuatl
67%
Who reportedly had the best messenger system? Aztecs
58%
Who (according to most sources) was the first ruler of the Toltec empire? Chalchiuhtlanetzin
42%
Who had the largest trade networks? Maya
42%
Who had the first writing system? Olmecs
42%
Who gave the Aztecs the worst pre-Columbian defeat? Tarascans
33%
Who allied with the Spaniards first? Cempoalteca
25%
Who had the largest (confirmed) temple? Chololteca
25%
Who had a language isolate? Tarascans
25%
Who (probably) invented a sort of gladiatorial sacrifice? Zapotecs
25%
No matching quizzes found
Score Distribution
Percent of People with Each Score
Percentile by Number Answered
Your Score History
You have not taken this quiz since the last reset